| 000 | 00750nam a2200253 a 4500 | ||
|---|---|---|---|
| 008 | |||
| 020 | _a087620261x (hbk.) | ||
| 049 | _aMAIN | ||
| 090 |
_aQL739.8 _bWAL |
||
| 100 | _aWallace, Robert A. | ||
| 245 | 4 |
_aThe ecology and evolution of animal behaviour / _cRobert A. Wallace. |
|
| 260 |
_aCalifornia : _bGoodyear Publishing, _c1973. |
||
| 300 |
_axi, 348 p. : _bill. ; _c25 cm. |
||
| 500 | _aIncludes index. | ||
| 504 | _aIncludes bibliographical references. | ||
| 650 | _aEcology. | ||
| 650 | _aAnimal habits. | ||
| 650 |
_aAnimal behaviour _xecology. |
||
| 907 |
_a.b10366350 _b19-11-15 _c18-11-15 |
||
| 003 | |||
| 005 | 20230123122158.0 | ||
| 040 | _cNUST | ||
| 942 |
_cBOOKS _kQL739.8 _mWAL |
||
| 999 |
_c129183 _d129183 |
||